MARC details
| 000 -CABECERA |
| campo de control de longitud fija |
01553nam a2200301 i 4500 |
| 003 - IDENTIFICADOR DEL NÚMERO DE CONTROL |
| campo de control |
DO-SdBNP |
| 005 - FECHA Y HORA DE LA ÚLTIMA TRANSACCIÓN |
| campo de control |
20251114094818.0 |
| 007 - CAMPO FIJO DE DESCRIPCIÓN FÍSICA--INFORMACIÓN GENERAL |
| campo de control de longitud fija |
ta |
| 008 - DATOS DE LONGITUD FIJA--INFORMACIÓN GENERAL |
| campo de control de longitud fija |
110413s2024 dr ac 000 j spa d |
| 040 ## - FUENTE DE LA CATALOGACIÓN |
| Centro catalogador/agencia de origen |
DO-SdBNP |
| Lengua de catalogación |
spa |
| Centro/agencia transcriptor |
BNPHU |
| Normas de descripción |
rda |
| 041 ## - CÓDIGO DE LENGUA |
| Código de lengua del texto/banda sonora o título independiente |
spa |
| 082 #4 - NÚMERO DE LA CLASIFICACIÓN DECIMAL DEWEY |
| Número de clasificación |
xxx |
| Número de documento/Ítem |
xxx |
| Número de edición |
22 |
| 100 ## - ENTRADA PRINCIPAL--NOMBRE DE PERSONA |
| Nombre de persona |
Gil, Laura, |
| Término indicativo de función/relación |
autor |
| Código de función/relación |
aut. |
| 9 (RLIN) |
57625 |
| 245 10 - MENCIÓN DE TÍTULO |
| Título |
Premio de arte Juan José Bellapart / |
| Resto del título |
Laura Gil ; editor, Myrna Guerrero Villalona |
| 264 #1 - PRODUCCIÓN, PUBLICACIÓN, DISTRIBUCIÓN, FABRICACIÓN Y COPYRIGHT |
| Producción, publicación, distribución, fabricación y copyright |
Santo Domingo, República Dominicana : |
| Nombre del de productor, editor, distribuidor, fabricante |
Museo Bellapart, |
| Fecha de producción, publicación, distribución, fabricación o copyright |
2024. |
| 300 ## - DESCRIPCIÓN FÍSICA |
| Extensión |
87 páginas : |
| Otras características físicas |
ilustraciones, retratos, fotografías ; |
| Dimensiones |
31 cm. |
| 336 ## - TIPO DE CONTENIDO |
| Término de tipo de contenido |
texto |
| Fuente |
rdacontent |
| Código de tipo de contenido |
txt |
| 337 ## - TIPO DE MEDIO |
| Fuente |
rdamedia |
| Nombre/término del tipo de medio |
sin mediación |
| Código del tipo de medio |
n |
| 338 ## - TIPO DE SOPORTE |
| Fuente |
rdacarrier |
| Nombre/término del tipo de soporte |
volumen |
| Código del tipo de soporte |
nc |
| 505 ## - NOTA DE CONTENIDO CON FORMATO |
| Título |
Presentación -- |
| Mención de responsabilidad |
Maribel Bellapart Alvarez -- |
| Título |
Introducción / |
| Mención de responsabilidad |
Myrna Guerrero Villalona / |
| Título |
Juan Jose Billapart Faura -- |
| Mención de responsabilidad |
Biografía, 8-- |
| Título |
La plástica dominicana y los eventos de artes visuales en el siglo XXI / |
| Mención de responsabilidad |
Fermín Ceballos, 12-- |
| Título |
Arte Contemporáneo en el Museo Bellapart / |
| Mención de responsabilidad |
Laura Gil Fiallo-- |
| Título |
Apuntes sobre el contexto del arte actual entre lo digital y lo bi-tri-dimensional/ |
| Mención de responsabilidad |
Paula Gómez Jorge-- |
| Título |
Premios -- |
| -- |
Menciones-- |
| -- |
Obras seleccionadas a concursar. |
| 590 ## - NOTA LOCAL (RLIN) |
| Nota local |
Inventariado, 2025 /LP |
| 600 14 - PUNTO DE ACCESO ADICIONAL DE MATERIA--NOMBRE DE PERSONA |
| Nombre de persona |
Bellapart, Juan José |
| 9 (RLIN) |
84933 |
| 650 #4 - PUNTO DE ACCESO ADICIONAL DE MATERIA--TÉRMINO DE MATERIA |
| Término de materia o nombre geográfico como elemento de entrada |
Arte contemporáneo |
| Subdivisión general |
Publicidad |
| Subdivisión geográfica |
República Dominicana |
| 9 (RLIN) |
84934 |
| 650 #4 - PUNTO DE ACCESO ADICIONAL DE MATERIA--TÉRMINO DE MATERIA |
| Término de materia o nombre geográfico como elemento de entrada |
Arte contemporáneo |
| Subdivisión general |
Historia y crítica |
| Subdivisión geográfica |
República Dominicana |
| 9 (RLIN) |
84935 |
| 700 1# - PUNTO DE ACCESO ADICIONAL--NOMBRE DE PERSONA |
| Nombre de persona |
Guerrero Villalona, Myrna, |
| Término indicativo de función/relación |
editor |
| Código de función/relación |
ed. |
| 9 (RLIN) |
84945 |
| 910 ## - DATOS DE OPCIÓN DEL USUARIO (OCLC) |
| Datos de opción del usuario |
LP |
| 942 ## - ELEMENTOS DE PUNTO DE ACCESO ADICIONAL (KOHA) |
| Fuente del sistema de clasificación o colocación |
Dewey Decimal Classification |
| Tipo de ítem Koha |
Libro |